00671nam a2200217Ia 4500003000900000008004100009040001600050080001500066100002400081245006500105260003800170300001300208650001900221650002700240650002700267650001600294700003000310942000700340999001500347952009100362IN-BaIIA211028s9999 xx 000 0 eng d cIIA Library a539.1bSOO aSoodak, Harry92631 0aElementary pile thoerycHarry Soodak and  Edward C Campbell aNew YorkbJohn Wiley & Sonsc1950 aix, 73p. aNASA Thesaurus aNuclear Reactors92632 aPile Foundations92633 aPiles92634 aCampbell, Edward C.92635 cBK c1260d1260 00104070aBANbKODcGENd0000-00-00l0o539.1/ SOOp1334r2021-11-05w0000-00-00yBK